000 00655nam a2200253Ia 4500
003 OSt
005 20221007111607.0
006 a|||||r|||| 00| 0
007 ta
008 221006b |||||||| |||| 00| 0 eng d
024 _a23,888
037 _cTextual
040 _aLCO
_cLCO
_beng
041 _2eng
_aeng
082 _aX62:(Z), L2
100 _aParthasarathy M.S
_9242137
245 0 _aCheques In Law and Practice
250 _a2nd.
260 _aBombay
_bN.M.Tripathi Pvt.Ltd. India
_c1972
300 _a465
650 _aCHEQUES
_9708406
942 _hX62:(Z), L2
_cTEXL
999 _c1193451
_d1193451